7 i.e. Siete enfoques sobre la corrupción /

Salvato in:
Dettagli Bibliografici
Enti autori: Centro de Estudios Democráticos de América Latina, CEDAL
Natura: Sconosciuto
Pubblicazione: Heredia: CEDAL
Soggetti:
Tags: Aggiungi Tag
Nessun Tag, puoi essere il primo ad aggiungerne!!

MARC

LEADER 00000 a2200000 04500
001 26028
003
008 991231s d
040
090 |a 147104  
110 |a Centro de Estudios Democráticos de América Latina  
245 |a 7 i.e. Siete enfoques sobre la corrupción /  |c Centro de Estudios Democráticos de América Latina  
260 |a Heredia:   |b CEDAL  
300 |a 84 p.  
650 |a CORRUPCION  
650 |a ADMINISTRACION PUBLICA  
650 |a PROBLEMAS POLITICOS  
650 |a PREVENCION DEL DELITO  
710 |a CEDAL  
999 |c 17250  |d 17250